000 00799nam a2200241 i 4500
001 129624
003 ES-MaACL
005 20250822073326.0
007 t|
008 070627s1956 sp ||||1| spa d
080 _a92(Tchaikovsky, Pjotr Ilich)
100 1 _aTibaldi Chiesa, María.
_9110204
245 1 0 _aTchaikovsky /
_cMaria Tibaldi Chiesa ; [versión española de Alfonso Espronceda].
250 _a[1ª ed.].
260 _aBarcelona :
_bLuis de Caralt,
_c[1956]
300 _a395 p. :
_bil. ;
_c20 cm.
490 1 _aGrandes figuras
600 0 4 _aChaikovskii, Piotr llich,
_d1840-1893
_937794
700 1 _aEspronceda, Alonso.
_947950
830 0 0 _aColección grandes figuras (Luis de Caralt)
_9181934
852 _aES-MaACL
_jC-11806
_bR.39759
999 _c129624
_d129624